000 01647cam a22004215i 4500
001 193294
003 SpMaBN
005 20250628063523.0
007 ta
008 940111s1993 sp | |||| ||spa
016 7 _abimoBNE19940005915
_2SpMaBN
017 _aM 29288-1993
_bOficina Depósito Legal Madrid
020 _a8486189411
035 _a(OCoLC)433996970
035 _abimo0000390888
040 _aSpMaBN
_bspa
_cSpMaBN
_erdc
080 _a326(729.1)"18"
100 1 _aBarón Fortacín, M.
_0XX1117461
_9234424
_eaut
245 1 0 _aCuestión de Cuba, la abolición de la esclavitud /
_cpor M. Barón Fortacín
250 _aFacsímil de la primera edición impresa en Madrid en el año 1879 /
_bprecedido por una introducción de Enrique Barón Crespo
260 _aMadrid :
_bUniversidad Politécnica de Madrid,
_c1993
300 _aVII, 52 páginas ;
_c21 cm
336 _2rdacontent
_aTexto
337 _2rdamedia
_asin mediación
338 _2rdacarrier
_avolumen
534 _pReprod. de la ed. de:
_cMadrid, Imp. de J.M. Pérez, 1879
650 7 _aEsclavitud-
_zCuba
_9138905
650 7 _aMovimientos antiesclavistas
_9136549
700 1 _aBarón, Enrique,
_d1944-
_eaui
_925767
710 2 _aUniversidad Politécnica de Madrid
_97435
852 _aES-MaACL
_bR. 154698
_cDEPOJ
_hDonación: Enrique Barón
_9200733
_jN-9472
903 _aBarón, Enrique,
_d1944-
_ednr
_925767
942 _n0
_cMONOGRAFIA
999 _c193294
_d193294